000 00451nam a2200145 i 4500
001 bg
100 1 _aPrzeździecki, Stanisław
_d(elektrotechnik).
245 0 _aDyfrakcja na półpłaszczyźnie prostopadłej do wyróżnionej osi ośrodka żyrotropowego /
_cS. Przeździecki, R.A. Hurd.
260 _aWarszawa,
_c1979.
700 1 _aHurd, Robert Alan.
040 _cBPK
041 _apol
942 _cKS
008 s pl f |000 0 pol
999 _c21285
_d21285
856 _uhttp://koha.tu.koszalin.pl/cgi-bin/koha/opac-detail.pl?biblionumber=21285
_yKatalog online BPK